[Event "Chess.com Classic Play In"]
[Site "Chess.com INT"]
[Date "2024.05.08"]
[Round "9"]
[White "Kamsky, Gata"]
[Black "Navara, David"]
[Result "1/2-1/2"]
[WhiteElo "2616"]
[BlackElo "2678"]
[PlyCount "42"]
[EventDate "2024.05.08"]
[EventType "swiss (rapid)"]
[EventRounds "9"]
[EventCountry "USA"]
[SourceTitle "CB20_2024"]
[SourceDate "2024.05.16"]
[SourceVersion "1"]
[SourceVersionDate "2024.05.16"]
[SourceQuality "1"]

1. d4 Nf6 2. Nf3 d5 3. Bf4 c5 4. e3 Nc6 5. Nbd2 Bg4 6. c3 cxd4 7. exd4 e6 8. Be2 Bd6 9. Bxd6 Qxd6 10. 0-0 0-0 11. Re1 Rab8 12. a4 Qc7 13. Qb3 Rfe8 14. Bf1 h6 15. Qa3 Bf5 16. a5 Ne4 17. Nxe4 Bxe4 18. Nd2 Bg6 19. Nf3 Be4 20. Nd2 Bg6 21. Nf3 Be4 1/2-1/2

[Event "Chess.com Classic Play In"]
[Site "Chess.com INT"]
[Date "2024.05.08"]
[Round "1"]
[White "Navara, David"]
[Black "Santos Ruiz, Miguel"]
[Result "1-0"]
[WhiteElo "2678"]
[BlackElo "2601"]
[PlyCount "69"]
[EventDate "2024.05.08"]
[EventType "swiss (rapid)"]
[EventRounds "9"]
[EventCountry "USA"]
[SourceTitle "CB20_2024"]
[SourceDate "2024.05.16"]
[SourceVersion "1"]
[SourceVersionDate "2024.05.16"]
[SourceQuality "1"]

1. d4 Nf6 2. c4 e6 3. Nc3 Bb4 4. e3 0-0 5. Bd3 c5 6. Nf3 d5 7. cxd5 cxd4 8. exd4 Nxd5 9. 0-0 Nc6 10. Bc2 Re8 11. Qd3 g6 12. a3 Bf8 13. Bg5 Qb6 14. Rab1 Bg7 15. Rfd1 Qc7 16. h4 Nxc3 17. Qxc3 Bd7 18. h5 Rac8 19. Be4 Na5 20. Qd3 Bc6 21. hxg6 hxg6 22. Rbc1 Bxe4 23. Qxe4 Qb6 24. Ne5 Rxc1 25. Rxc1 Qxb2 26. Nxf7 Rf8 27. Qxe6 Rxf7 28. Rc8+ Bf8 29. Qxg6+ Rg7 30. Qe6+ Rf7 31. Rxf8+ Kxf8 32. Bh6+ Kg8 33. Qg6+ Kh8 34. Qxf7 Qc1+ 35. Bxc1 1-0

[Event "CZE-ch"]
[Site "Ostrava"]
[Date "2024.04.28"]
[Round "2"]
[White "Navara, David"]
[Black "Nemec, Jachym"]
[Result "1-0"]
[WhiteElo "2678"]
[BlackElo "2416"]
[PlyCount "63"]
[EventDate "2024.04.27"]
[EventType "tourn"]
[EventRounds "9"]
[EventCountry "CZE"]
[EventCategory "9"]
[SourceTitle "CB19_2024"]
[SourceDate "2024.05.08"]
[SourceVersion "1"]
[SourceVersionDate "2024.05.08"]
[SourceQuality "1"]

1. e4 c5 2. Nf3 Nc6 3. Bb5 e6 4. 0-0 Nge7 5. Re1 Nd4 6. Nxd4 cxd4 7. c3 a6 8. Bf1 Nc6 9. b4 Bd6 10. a4 0-0 11. Na3 dxc3 12. dxc3 Be5 13. Bd2 Bf6 14. Rc1 d5 15. a5 Re8 16. Be3 d4 17. cxd4 Nxb4 18. Nc4 Nc6 19. d5 exd5 20. exd5 Ne5 21. Bb6 Qd7 22. d6 Nxc4 23. Bxc4 Rxe1+ 24. Qxe1 g6 25. Bd5 Qxd6 26. Qe8+ Qf8 27. Bxf7+ Kg7 28. Bxg6 Qxe8 29. Bxe8 Be6 30. Rc7+ Kg8 31. Bd7 Bd5 32. Bc8 1-0

[Event "Titled Tuesday intern op 12th Mar Early"]
[Site "Chess.com INT"]
[Date "2024.03.12"]
[Round "6"]
[White "Firouzja, Alireza"]
[Black "Navara, David"]
[Result "1-0"]
[WhiteElo "2760"]
[BlackElo "2669"]
[PlyCount "183"]
[EventDate "2024.03.12"]
[EventType "swiss (blitz)"]
[EventRounds "11"]
[EventCountry "USA"]
[SourceTitle "CB12_2024"]
[SourceDate "2023.10.01"]
[SourceVersion "1"]
[SourceVersionDate "2023.10.01"]
[SourceQuality "1"]

1. Nf3 Nf6 2. g3 d5 3. Bg2 e6 4. 0-0 Be7 5. d3 0-0 6. c4 c5 7. cxd5 exd5 8. d4 Nc6 9. Nc3 Re8 10. Be3 Bf8 11. Bg5 cxd4 12. Nxd4 h6 13. Bxf6 Qxf6 14. Ndb5 Rd8 15. Nc7 Rb8 16. N7xd5 Qe5 17. e4 Be6 18. Qa4 Qd4 19. Qxd4 Nxd4 20. Rfd1 Nc6 21. h3 Nb4 22. Rac1 Rbc8 23. a3 Nxd5 24. Nxd5 Rxc1 25. Rxc1 Bxd5 26. exd5 Bd6 27. h4 h5 28. Bh3 g6 29. Bc8 b6 30. Bb7 Kf8 31. Kf1 Re8 32. Rc4 a5 33. Ba6 Bc5 34. b4 axb4 35. axb4 Bd6 36. b5 Bc5 37. Bb7 Ke7 38. Bc6 Rd8 39. Ra4 Kf6 40. Ra7 Rg8 41. f4 Rd8 42. Kg2 Rd6 43. Kf3 Bd4 44. Ke4 Bf2 45. Kf3 Bc5 46. Be8 Rxd5 47. Rxf7+ Ke6 48. Rg7 Rd3+ 49. Kg2 Rd2+ 50. Kf1 Rd8 51. Rxg6+ Ke7 52. Bc6 Rd2 53. Rg5 Rf2+ 54. Ke1 Rb2 55. Kd1 Bf2 56. g4 hxg4 57. Rxg4 Bd4 58. f5 Bf6 59. h5 Rh2 60. Bf3 Kf8 61. Rg6 Ke7 62. Bg4 Bd4 63. Re6+ Kf7 64. h6 Bf6 65. Rxb6 Rxh6 66. Rb7+ Be7 67. b6 Rd6+ 68. Ke2 Kf6 69. Rb8 Rd4 70. Bf3 Rb4 71. b7 Kxf5 72. Rh8 Bd6 73. Rh6 Ke5 74. Kd3 Bc7 75. Kc3 Rb1 76. Kc4 Bb8 77. Kc5 Rc1+ 78. Kb5 Rb1+ 79. Kc6 Rc1+ 80. Kd7 Rc7+ 81. Kd8 Rg7 82. Rh5+ Kd6 83. Rh6+ Kc5 84. Bc6 Rg8+ 85. Be8 Rg7 86. Rc6+ Kd5 87. Kc8 Be5 88. Rb6 Rg8 89. Rb5+ Kd4 90. Rxe5 Kxe5 91. b8Q+ Kf6 92. Qd6+ 1-0

[Event "Titled Tuesday intern op 12th Mar Early"]
[Site "Chess.com INT"]
[Date "2024.03.12"]
[Round "9"]
[White "Galchenko, Matvey"]
[Black "Navara, David"]
[Result "1-0"]
[WhiteElo "2438"]
[BlackElo "2669"]
[PlyCount "87"]
[EventDate "2024.03.12"]
[EventType "swiss (blitz)"]
[EventRounds "11"]
[EventCountry "USA"]
[SourceTitle "CB12_2024"]
[SourceDate "2023.10.01"]
[SourceVersion "1"]
[SourceVersionDate "2023.10.01"]
[SourceQuality "1"]

1. e4 c5 2. c3 Nf6 3. e5 Nd5 4. Nf3 Nc6 5. Bc4 Nb6 6. Bb3 d5 7. exd6 Qxd6 8. 0-0 Be6 9. Bxe6 Qxe6 10. a4 Qd7 11. a5 Nd5 12. a6 b6 13. d4 cxd4 14. Nxd4 e6 15. Na3 Bxa3 16. Rxa3 0-0 17. Nf3 Rfd8 18. Qe2 f6 19. Bd2 e5 20. b4 Rac8 21. Raa1 Qf5 22. Rfe1 Kh8 23. Rac1 Nf4 24. Bxf4 Qxf4 25. Rcd1 e4 26. Rxd8+ Rxd8 27. Qxe4 Qxe4 28. Rxe4 Kg8 29. Kf1 Kf7 30. Rc4 Rd6 31. b5 Na5 32. Rc7+ Kg6 33. Rxa7 Rd5 34. Nd4 Nc4 35. Rc7 Nd2+ 36. Ke2 Ne4 37. a7 Rd8 38. Rxg7+ Kh5 39. Rc7 h6 40. f3 Nd6 41. Rc6 Nf7 42. Rxb6 Ra8 43. Nc6 Nd6 44. Rb8 1-0

[Event "Titled Tuesday intern op 12th Mar Early"]
[Site "Chess.com INT"]
[Date "2024.03.12"]
[Round "7"]
[White "Navara, David"]
[Black "Finek, Vaclav"]
[Result "0-1"]
[WhiteElo "2669"]
[BlackElo "2436"]
[PlyCount "52"]
[EventDate "2024.03.12"]
[EventType "swiss (blitz)"]
[EventRounds "11"]
[EventCountry "USA"]
[SourceTitle "CB12_2024"]
[SourceDate "2023.10.01"]
[SourceVersion "1"]
[SourceVersionDate "2023.10.01"]
[SourceQuality "1"]

1. d4 d5 2. Nf3 Nf6 3. Bf4 c5 4. e3 e6 5. c3 Bd6 6. Nbd2 0-0 7. Ne5 Qc7 8. Bd3 Nbd7 9. Ndf3 h6 10. h4 Ne4 11. Qb1 f5 12. Nxd7 Bxd7 13. Bxd6 Nxd6 14. Ne5 Bb5 15. Bxb5 Nxb5 16. Qd3 Nd6 17. h5 Ne4 18. f3 Nf6 19. 0-0-0 Rab8 20. Kb1 b5 21. dxc5 Qxe5 22. Qd4 Qc7 23. g4 e5 24. Qd2 fxg4 25. fxg4 Rbd8 26. Qg2 Ne4 0-1

[Event "Titled Tuesday intern op 12th Mar Early"]
[Site "Chess.com INT"]
[Date "2024.03.12"]
[Round "4"]
[White "Navara, David"]
[Black "Keleberda, Timur"]
[Result "1-0"]
[WhiteElo "2669"]
[BlackElo "2235"]
[PlyCount "61"]
[EventDate "2024.03.12"]
[EventType "swiss (blitz)"]
[EventRounds "11"]
[EventCountry "USA"]
[SourceTitle "CB12_2024"]
[SourceDate "2023.10.01"]
[SourceVersion "1"]
[SourceVersionDate "2023.10.01"]
[SourceQuality "1"]

1. d4 Nf6 2. c4 e6 3. Nc3 Bb4 4. e3 b6 5. Nge2 Bb7 6. a3 Be7 7. d5 d6 8. Nf4 Qd7 9. e4 a5 10. Bd3 Na6 11. Bc2 Nc5 12. Be3 e5 13. Bxc5 bxc5 14. Ba4 c6 15. dxc6 Bxc6 16. Bxc6 Qxc6 17. Nfd5 Nxd5 18. Nxd5 Ra7 19. 0-0 a4 20. b4 axb3 21. Qxb3 0-0 22. Qb5 Qa8 23. Rfb1 Bg5 24. a4 Ra5 25. Qd7 Ra7 26. Qxd6 Rxa4 27. Rxa4 Qxa4 28. Qxc5 Qc2 29. Qxf8+ Kxf8 30. Rb8+ Bd8 31. Rxd8# 1-0

[Event "Prague Masters 6th"]
[Site "Prague"]
[Date "2024.03.04"]
[Round "6"]
[White "Navara, David"]
[Black "Rapport, Richard"]
[Result "1/2-1/2"]
[WhiteElo "2667"]
[BlackElo "2717"]
[PlyCount "93"]
[EventDate "2024.02.26"]
[EventType "tourn"]
[EventRounds "9"]
[EventCountry "CZE"]
[EventCategory "19"]
[SourceTitle "CB11_2024"]
[SourceDate "2024.03.13"]
[SourceVersion "1"]
[SourceVersionDate "2024.03.13"]
[SourceQuality "1"]

1. d4 Nf6 2. c4 g6 3. Nc3 Bg7 4. e4 d6 5. Nf3 0-0 6. Be2 e5 7. 0-0 Nc6 8. d5 Ne7 9. b4 a5 10. Ba3 b6 11. bxa5 Ne8 12. Nb5 Rxa5 13. Bb4 Ra8 14. a4 f5 15. Nd2 Bd7 16. a5 bxa5 17. Bxa5 fxe4 18. Nxe4 Rxa5 19. Rxa5 c6 20. dxc6 Bxc6 21. Ra4 Bxe4 22. c5 Bc6 23. Nxd6 Nxd6 24. cxd6 Nf5 25. Bb5 Bxb5 26. Qd5+ Kh8 27. Qxb5 Qxd6 28. Qb7 Qd8 29. Qe4 h5 30. Rfa1 Kh7 31. Ra8 Qd4 32. Qxd4 exd4 33. Rxf8 Bxf8 34. Kf1 Kh6 35. Ke2 Kg5 36. Kd3 Kf4 37. h3 h4 38. Re1 Bd6 39. g3+ Kf3 40. Re6 hxg3 41. fxg3 Bxg3 42. Rxg6 Bf2 43. Rg4 Be3 44. Re4 Kg3 45. h4 Nxh4 46. Rxe3+ dxe3 47. Kxe3 1/2-1/2

[Event "Prague Masters 6th"]
[Site "Prague"]
[Date "2024.03.02"]
[Round "5"]
[White "Gukesh, Dommaraju"]
[Black "Navara, David"]
[Result "0-1"]
[WhiteElo "2743"]
[BlackElo "2667"]
[PlyCount "122"]
[EventDate "2024.02.26"]
[EventType "tourn"]
[EventRounds "9"]
[EventCountry "CZE"]
[EventCategory "19"]
[SourceTitle "CB11_2024"]
[SourceDate "2024.03.13"]
[SourceVersion "1"]
[SourceVersionDate "2024.03.13"]
[SourceQuality "1"]

1. c4 Nf6 2. Nc3 e5 3. e3 Nc6 4. Qb3 b6 5. Nf3 Bb7 6. a3 e4 7. Ng5 Qe7 8. Qc2 0-0-0 9. Ngxe4 Nd4 10. Qd3 Bxe4 11. Nxe4 Qxe4 12. Qxe4 Nxe4 13. exd4 Re8 14. Be2 g6 15. d3 Nd6 16. d5 Nf5 17. Kf1 Bg7 18. Rb1 h5 19. Bd2 Re7 20. h4 Rhe8 21. Bd1 c5 22. g4 hxg4 23. Bxg4 Bh6 24. Bc3 Nd4 25. b4 f5 26. Bd1 Ne2 27. Bxe2 Rxe2 28. bxc5 bxc5 29. Rb5 Bf8 30. Rb2 Rxb2 31. Bxb2 Kc7 32. Rg1 Rb8 33. Bc3 Rb1+ 34. Be1 Bg7 35. Kg2 Kb7 36. Bd2 Rxg1+ 37. Kxg1 Bb2 38. a4 Bf6 39. Be3 Kb6 40. Kg2 Bxh4 41. d4 cxd4 42. Bxd4+ Ka5 43. c5 Be7 44. d6 Bd8 45. c6 dxc6 46. Bxa7 Kxa4 47. Bb8 Bb6 48. Kf3 g5 49. d7 Kb5 50. Be5 Bd8 51. Ke3 Kc5 52. Kd3 Kd5 53. Bc3 Ke6 54. f3 Kxd7 55. Bd2 Ke6 56. Kc4 Be7 57. Kd4 c5+ 58. Kc4 Ke5 59. Be3 g4 60. fxg4 fxg4 61. Kd3 Kd5 0-1

[Event "Prague Masters 6th"]
[Site "Prague"]
[Date "2024.03.01"]
[Round "4"]
[White "Navara, David"]
[Black "Maghsoodloo, Parham"]
[Result "1/2-1/2"]
[WhiteElo "2667"]
[BlackElo "2715"]
[PlyCount "114"]
[EventDate "2024.02.26"]
[EventType "tourn"]
[EventRounds "9"]
[EventCountry "CZE"]
[EventCategory "19"]
[SourceTitle "CB11_2024"]
[SourceDate "2024.03.13"]
[SourceVersion "1"]
[SourceVersionDate "2024.03.13"]
[SourceQuality "1"]

1. d4 Nf6 2. c4 e6 3. Nf3 d5 4. Nc3 dxc4 5. e4 b5 6. e5 Nd5 7. Nxb5 Nb6 8. Be2 Nc6 9. 0-0 Be7 10. Qd2 Bb7 11. Rd1 Rb8 12. Qf4 0-0 13. Nc3 Nb4 14. Qg4 Kh8 15. Ng5 Qe8 16. Qh5 Bxg5 17. Bxg5 f5 18. exf6 gxf6 19. Qxe8 Rbxe8 20. Bf4 Re7 21. Bg3 Rd8 22. Rac1 Kg7 23. Nb5 Rdd7 24. Bxc4 Ba6 25. Bf1 Nxa2 26. Rxc7 Bxb5 27. Rxd7 Bxd7 28. Ra1 Bc6 29. Rxa2 Bd5 30. Ra1 Nc4 31. b4 Rb7 32. Bd3 Nd2 33. f3 Nb3 34. Ra6 Nxd4 35. Bd6 e5 36. Bc5 Nb3 37. Bd6 Nd4 38. Kf2 Nc6 39. b5 Nd4 40. Ra5 Nb3 41. Ra4 Nd4 42. f4 Nxb5 43. fxe5 Nxd6 44. exd6 Kf7 45. Bxh7 Ke6 46. Bg8+ Kxd6 47. Rd4 Rb5 48. h4 Ke5 49. Rxd5+ Rxd5 50. Bxd5 Kxd5 51. Ke3 Ke5 52. Kd3 f5 53. g3 a5 54. Kc4 f4 55. gxf4+ Kxf4 56. Kb5 Kg4 57. Kxa5 Kxh4 1/2-1/2

[Event "Bundesliga 2324"]
[Site "Germany"]
[Date "2024.02.25"]
[Round "11.5"]
[White "Gledura, Benjamin"]
[Black "Navara, David"]
[Result "1/2-1/2"]
[WhiteElo "2633"]
[BlackElo "2689"]
[PlyCount "41"]
[EventDate "2023.10.21"]
[EventType "team-tourn"]
[EventRounds "15"]
[EventCountry "GER"]
[SourceTitle "CB09_2024"]
[SourceDate "2024.02.28"]
[SourceVersion "1"]
[SourceVersionDate "2024.02.28"]
[SourceQuality "1"]
[WhiteTeam "Remagen Sinzig"]
[BlackTeam "Muelheim Nord"]
[WhiteTeamCountry "GER"]
[BlackTeamCountry "GER"]

1. e4 e5 2. Nf3 Nc6 3. Bc4 Bc5 4. d3 Nf6 5. a4 h6 6. 0-0 d6 7. a5 a6 8. c3 0-0 9. Be3 Bxe3 10. fxe3 Be6 11. Bxe6 fxe6 12. Nbd2 d5 13. Qb3 Rb8 14. d4 Kh8 15. Qc2 Qd6 16. b4 exd4 17. exd4 e5 18. exd5 Qxd5 19. dxe5 Nxe5 20. Nxe5 Qxe5 21. Rae1 1/2-1/2

[Event "Titled Tuesday intern op 06th Feb Early"]
[Site "Chess.com INT"]
[Date "2024.02.06"]
[Round "4"]
[White "Causo, Deniel"]
[Black "Navara, David"]
[Result "1/2-1/2"]
[WhiteElo "2224"]
[BlackElo "2667"]
[PlyCount "165"]
[EventDate "2024.02.06"]
[EventType "swiss (blitz)"]
[EventRounds "11"]
[EventCountry "USA"]
[SourceTitle "CB07_2024"]
[SourceDate "2024.02.14"]
[SourceVersion "1"]
[SourceVersionDate "2024.02.14"]
[SourceQuality "1"]

1. e4 c6 2. d4 d5 3. Nd2 dxe4 4. Nxe4 Nf6 5. Nxf6+ exf6 6. c3 Bd6 7. Bd3 0-0 8. Ne2 Re8 9. 0-0 Nd7 10. Bf4 Nf8 11. Qd2 g6 12. Rfe1 Ne6 13. Bg3 Bxg3 14. Nxg3 f5 15. Re5 Bd7 16. Rae1 Qg5 17. Qxg5 Nxg5 18. Rxe8+ Rxe8 19. Rxe8+ Bxe8 20. f4 Ne6 21. Ne2 Kf8 22. Kf2 c5 23. Ke3 Bc6 24. g3 Ke7 25. Bc4 cxd4+ 26. Nxd4 Nc5 27. Nxc6+ bxc6 28. b4 Nd7 29. Kd4 f6 30. Be2 Kd6 31. Bf3 g5 32. a4 Nf8 33. c4 Ne6+ 34. Ke3 c5 35. b5 Nd4 36. Bd1 a5 37. bxa6 Kc7 38. Bf3 Kb6 39. Bb7 Nc2+ 40. Kd2 Nd4 41. Bc8 Nf3+ 42. Ke3 Nd4 43. Kd3 h6 44. a5+ Ka7 45. Ke3 Nc2+ 46. Kd3 Nd4 47. Kd2 Kb8 48. Bb7 Nb3+ 49. Kd3 Nxa5 50. Bd5 Ka7 51. Be6 Kxa6 52. Bxf5 Nc6 53. Ke4 Ka5 54. Kd5 Ne7+ 55. Ke6 Nxf5 56. Kxf5 gxf4 57. gxf4 Kb4 58. Kxf6 Kxc4 59. Kg6 Kb3 60. f5 c4 61. f6 c3 62. f7 c2 63. f8Q c1Q 64. Qb8+ Ka2 65. Qa7+ Kb3 66. Qb6+ Ka2 67. Qa5+ Kb3 68. Qb5+ Ka2 69. Qa4+ Kb2 70. Qb4+ Ka2 71. Qa5+ Kb3 72. Qb6+ Ka2 73. Qe6+ Kb2 74. Qe5+ Ka2 75. Qe2+ Kb3 76. Qd3+ Ka2 77. Qd5+ Kb2 78. Qe5+ Ka2 79. Qe6+ Kb2 80. Kh7 Qc2+ 81. Qg6 Qxh2 82. Qxh6 Qxh6+ 83. Kxh6 1/2-1/2

[Event "Titled Tuesday intern op 06th Feb Early"]
[Site "Chess.com INT"]
[Date "2024.02.06"]
[Round "6"]
[White "De Boer, Eelke"]
[Black "Navara, David"]
[Result "1-0"]
[WhiteElo "2396"]
[BlackElo "2667"]
[PlyCount "63"]
[EventDate "2024.02.06"]
[EventType "swiss (blitz)"]
[EventRounds "11"]
[EventCountry "USA"]
[SourceTitle "CB07_2024"]
[SourceDate "2024.02.14"]
[SourceVersion "1"]
[SourceVersionDate "2024.02.14"]
[SourceQuality "1"]

1. e4 c6 2. d4 d5 3. e5 Bf5 4. Nf3 e6 5. Be2 Nd7 6. 0-0 a5 7. a4 f6 8. Nh4 Be4 9. f3 fxe5 10. fxe4 Qxh4 11. exd5 exd5 12. dxe5 Bc5+ 13. Kh1 0-0-0 14. Bf4 Ne7 15. Qd2 Rhf8 16. e6 Nb6 17. g3 Qh3 18. Qxa5 g5 19. Qxc5 gxf4 20. gxf4 Rg8 21. Qf2 d4 22. Ra3 Qxe6 23. a5 Nbd5 24. a6 Ne3 25. a7 Kc7 26. Re1 N7f5 27. Bf3 Qh6 28. Rg1 Rxg1+ 29. Qxg1 Qxf4 30. Bg2 Qh4 31. Bf3 Qh3 32. Be4 1-0

[Event "Titled Tuesday intern op 06th Feb Early"]
[Site "Chess.com INT"]
[Date "2024.02.06"]
[Round "9"]
[White "Navara, David"]
[Black "Yurovskich, Oleksandr"]
[Result "0-1"]
[WhiteElo "2667"]
[BlackElo "2328"]
[PlyCount "124"]
[EventDate "2024.02.06"]
[EventType "swiss (blitz)"]
[EventRounds "11"]
[EventCountry "USA"]
[SourceTitle "CB07_2024"]
[SourceDate "2024.02.14"]
[SourceVersion "1"]
[SourceVersionDate "2024.02.14"]
[SourceQuality "1"]

1. e4 e6 2. d4 d5 3. Nd2 dxe4 4. Nxe4 Bd7 5. Nf3 Bc6 6. Bd3 Nd7 7. 0-0 Ngf6 8. Ng3 g6 9. b3 Bg7 10. Ba3 Bf8 11. Bb2 Bg7 12. c4 0-0 13. Qe2 Bxf3 14. Qxf3 c6 15. Rad1 Qc7 16. Rfe1 Rfe8 17. Bb1 b5 18. Nf1 bxc4 19. bxc4 c5 20. d5 exd5 21. Rxe8+ Rxe8 22. cxd5 Qd6 23. Ne3 Nb6 24. g3 Nfd7 25. Bxg7 Kxg7 26. Qg4 Kf8 27. Qh4 h5 28. Qg5 Qf6 29. Qh6+ Qg7 30. Qf4 Qe5 31. Qh6+ Qg7 32. Qxg7+ Kxg7 33. Bd3 Kf6 34. Bb5 Ke7 35. d6+ Kd8 36. a4 a5 37. Bc6 Re6 38. Kf1 Ne5 39. Bb5 Ng4 40. Nxg4 hxg4 41. Rc1 Re5 42. Bc6 Nc8 43. Rd1 Re6 44. Rd5 c4 45. Rxa5 Rxd6 46. Rc5 Na7 47. Bd5 c3 48. Ke2 f5 49. Kd3 Nc8 50. Kxc3 Nb6 51. Bb3 Ke7 52. a5 Nd7 53. Rb5 Ra6 54. Bc4 Ra7 55. Kb4 Kd6 56. a6 Kc6 57. Ra5 Nb8 58. Bb5+ Kb6 59. Ra3 Re7 60. Bc4 Ka7 61. Kc5 Re1 62. Rd3 Ka8 0-1

[Event "Bundesliga 2324"]
[Site "Germany"]
[Date "2024.02.04"]
[Round "8.8"]
[White "Navara, David"]
[Black "Cheparinov, Ivan"]
[Result "1/2-1/2"]
[WhiteElo "2689"]
[BlackElo "2658"]
[PlyCount "104"]
[EventDate "2023.10.21"]
[EventType "team-tourn"]
[EventRounds "15"]
[EventCountry "GER"]
[SourceTitle "CB06_2024"]
[SourceDate "2024.02.07"]
[SourceVersion "1"]
[SourceVersionDate "2024.02.07"]
[SourceQuality "1"]
[WhiteTeam "Muelheim Nord"]
[BlackTeam "Kiel Turm"]
[WhiteTeamCountry "GER"]
[BlackTeamCountry "GER"]

1. Nf3 d5 2. g3 g6 3. Bg2 Bg7 4. d4 Nf6 5. 0-0 0-0 6. c4 c6 7. Qb3 Qb6 8. Nc3 Rd8 9. Na4 Qxb3 10. axb3 Na6 11. Bf4 Bf5 12. Rfc1 h6 13. h4 e6 14. Be5 Nd7 15. Bxg7 Kxg7 16. cxd5 exd5 17. Nc5 Naxc5 18. dxc5 Be4 19. Nd4 Bxg2 20. Kxg2 h5 21. b4 a6 22. Rc3 Re8 23. f3 Rac8 24. Kf2 Re7 25. Raa3 Rce8 26. Re3 Ne5 27. Rac3 f6 28. Kg2 Kf7 29. b3 Kf8 30. Rc1 Kf7 31. Kf1 Kf8 32. Ke1 Kf7 33. Kd1 Kf8 34. Kc2 Kf7 35. Rg1 Kf8 36. Kc3 Kf7 37. Rh1 Kf8 38. Nc2 Kf7 39. Kd4 Kf8 40. Rh2 Kf7 41. Na3 Kf8 42. Nb1 Kf7 43. Nc3 Kg7 44. Rh1 Kf7 45. Rh3 Kg7 46. Rh2 Kf7 47. Na4 Kg7 48. Nb6 Kf8 49. Rh1 Nf7 50. Rxe7 Kxe7 51. Re1 Nh6 52. e4 Kf7 1/2-1/2

[Event "Titled Tuesday intern op 16th Jan Early"]
[Site "Chess.com INT"]
[Date "2024.01.16"]
[Round "11"]
[White "Nakamura, Hikaru"]
[Black "Navara, David"]
[Result "1-0"]
[WhiteElo "2788"]
[BlackElo "2679"]
[PlyCount "131"]
[EventDate "2024.01.16"]
[EventType "swiss (blitz)"]
[EventRounds "11"]
[EventCountry "USA"]
[SourceTitle "CB04_2024"]
[SourceDate "2023.10.16"]
[SourceVersion "1"]
[SourceVersionDate "2023.10.16"]
[SourceQuality "1"]

1. Nf3 d5 2. b3 Nf6 3. Bb2 Bg4 4. e3 e6 5. h3 Bh5 6. d3 c5 7. g4 Bg6 8. Nh4 Nc6 9. Nd2 d4 10. Nxg6 hxg6 11. Bg2 Nd5 12. Qe2 Be7 13. 0-0-0 Ncb4 14. Bxd5 Qxd5 15. Kb1 0-0-0 16. f4 dxe3 17. Qxe3 Rh7 18. Rhf1 Nc6 19. Ne4 b6 20. Nc3 Qd7 21. Ne2 Bf6 22. Bxf6 gxf6 23. f5 exf5 24. gxf5 g5 25. Nc3 Rdh8 26. Ne4 Rxh3 27. Qf2 Qd4 28. Qxd4 Nxd4 29. Nxf6 Rf3 30. c3 Rxf1 31. Rxf1 Ne2 32. Ne4 Rh2 33. Nxg5 Nxc3+ 34. Kc1 Nxa2+ 35. Kb1 Nc3+ 36. Kc1 f6 37. Ne6 Ra2 38. Rf3 Kd7 39. Nf4 Ne2+ 40. Kb1 Nc3+ 41. Kc1 Ne2+ 42. Kb1 Rd2 43. Nd5 Nd4 44. Rh3 Nxf5 45. Nxf6+ Kc6 46. Ne4 Re2 47. Nc3 Re3 48. Rxe3 Nxe3 49. Ne2 Kb5 50. Kb2 Nd5 51. Ng3 Kb4 52. Ne4 Nf4 53. Kc2 Ne6 54. Kb2 Nd4 55. Nc3 a6 56. Nd5+ Ka5 57. Kc3 b5 58. b4+ Ka4 59. bxc5 Nc6 60. Nb6+ Ka3 61. d4 b4+ 62. Kd3 b3 63. Kc3 b2 64. Nc4+ Ka4 65. Nxb2+ Kb5 66. Nd3 1-0

[Event "Titled Tuesday intern op 16th Jan Early"]
[Site "Chess.com INT"]
[Date "2024.01.16"]
[Round "8"]
[White "Navara, David"]
[Black "Raja, Rithvik R"]
[Result "1-0"]
[WhiteElo "2679"]
[BlackElo "2522"]
[PlyCount "41"]
[EventDate "2024.01.16"]
[EventType "swiss (blitz)"]
[EventRounds "11"]
[EventCountry "USA"]
[SourceTitle "CB04_2024"]
[SourceDate "2023.10.16"]
[SourceVersion "1"]
[SourceVersionDate "2023.10.16"]
[SourceQuality "1"]

1. d4 Nf6 2. c4 e6 3. Nc3 Bb4 4. e3 0-0 5. Bd3 d5 6. cxd5 exd5 7. Nge2 c6 8. 0-0 Re8 9. f3 a5 10. a3 Bf8 11. e4 c5 12. Bg5 h6 13. Bxf6 Qxf6 14. Nxd5 Qd8 15. Rc1 Nd7 16. Bb5 b6 17. Nef4 Rb8 18. Kh1 Bb7 19. Bxd7 Qxd7 20. dxc5 bxc5 21. Nf6+ 1-0

[Event "Bundesliga 2324"]
[Site "Germany"]
[Date "2024.01.13"]
[Round "5.1"]
[White "Pfreundt, Jakob"]
[Black "Navara, David"]
[Result "1/2-1/2"]
[WhiteElo "2455"]
[BlackElo "2689"]
[PlyCount "54"]
[EventDate "2023.10.21"]
[EventType "team-tourn"]
[EventRounds "15"]
[EventCountry "GER"]
[SourceTitle "CB03_2024"]
[SourceDate "2024.01.17"]
[SourceVersion "1"]
[SourceVersionDate "2024.01.17"]
[SourceQuality "1"]
[WhiteTeam "Lister Turm"]
[BlackTeam "Muelheim Nord"]
[WhiteTeamCountry "GER"]
[BlackTeamCountry "GER"]

1. e4 c5 2. Nf3 d6 3. d4 cxd4 4. Nxd4 Nf6 5. Nc3 a6 6. a4 e5 7. Nf3 Be7 8. Bg5 Be6 9. Bxf6 Bxf6 10. Nd5 Nd7 11. Bc4 Rc8 12. Qe2 Nb6 13. Nxf6+ Qxf6 14. Bxe6 Qxe6 15. b3 0-0 16. 0-0 Rc3 17. Rfd1 Rfc8 18. Ne1 R8c6 19. Rd3 Qc8 20. Rxc3 Rxc3 21. Rd1 Qc6 22. Qd2 Nc8 23. h4 h6 24. Qe2 Ne7 25. Qd2 Nc8 26. Qe2 Ne7 27. Qd2 Nc8 1/2-1/2

[Event "Titled Tuesday intern op 09th Jan Early"]
[Site "Chess.com INT"]
[Date "2024.01.09"]
[Round "3"]
[White "Navara, David"]
[Black "Fier, Alexandr"]
[Result "1-0"]
[WhiteElo "2679"]
[BlackElo "2549"]
[PlyCount "131"]
[EventDate "2024.01.09"]
[EventType "swiss (blitz)"]
[EventRounds "11"]
[EventCountry "USA"]
[SourceTitle "CB03_2024"]
[SourceDate "2024.01.17"]
[SourceVersion "1"]
[SourceVersionDate "2024.01.17"]
[SourceQuality "1"]

1. d4 Nf6 2. c4 c5 3. d5 e6 4. Nc3 exd5 5. cxd5 d6 6. e4 g6 7. f4 Bg7 8. Bb5+ Nfd7 9. a4 Na6 10. Nf3 Nb4 11. 0-0 a6 12. Bxd7+ Bxd7 13. f5 0-0 14. Bg5 f6 15. Bf4 gxf5 16. Bxd6 fxe4 17. Bxf8 Qxf8 18. Nxe4 f5 19. Nc3 Qd6 20. Ng5 c4 21. Qh5 Qg6 22. Qxg6 hxg6 23. Rf4 Rc8 24. Ne6 Nd3 25. Rf3 Bxe6 26. dxe6 Nxb2 27. Rb1 Nd3 28. Nd5 Re8 29. e7 Nb2 30. a5 Kf7 31. Kf1 Be5 32. Re3 Bd4 33. Re2 c3 34. Rc2 Rh8 35. Nxc3 Nc4 36. Nd5 Na3 37. e8Q+ Kxe8 38. Rc8+ Kd7 39. Nb6+ Kd6 40. Rd1 Rxc8 41. Nxc8+ Kc5 42. Nd6 Nc2 43. Rc1 Kxd6 44. Rxc2 Be5 45. Kf2 Bxh2 46. g3 f4 47. g4 g5 48. Rc8 Bg3+ 49. Ke2 Kd7 50. Rc5 Bh4 51. Kf3 Kd6 52. Rf5 Kc6 53. Ke4 Kc7 54. Re5 Kc6 55. Rf5 Kc7 56. Kd5 Be1 57. Rxg5 Bxa5 58. Rf5 Kd7 59. Rf7+ Ke8 60. Ke6 Bd2 61. g5 f3 62. g6 Bc3 63. Rxf3 Ba1 64. Rf7 b5 65. g7 Bxg7 66. Rxg7 1-0